| 000 | 00626nam a2200241Ia 4500 | ||
|---|---|---|---|
| 008 | 160621s9999 xx 000 0 und d | ||
| 020 | _a978-214-208-8 | ||
| 050 | _aComSc Z 253.532 | ||
| 050 | _b.M53M37 1999 | ||
| 100 | _aMarchesseault, Paul. | ||
| 245 | _aMicrosoft Publisher 2000 / | ||
| 245 | _cPaul Marchesseault. | ||
| 260 | _aSingapore : | ||
| 260 | _bTech Publications Pte Ltd., | ||
| 260 | _c1999 | ||
| 300 | _a407 pages : | ||
| 300 | _billustrations ; | ||
| 300 | _c23 cm. | ||
| 440 | _aFast & easy | ||
| 500 | _aIncludes index. | ||
| 650 | _aMicrosoft Publisher. | ||
| 650 | _xDesktop publishing. | ||
| 999 |
_c296134 _d296134 |
||